Carne y productos cárnicos : tecnología, química y micrboiología /

Guardado en:
Autor Principal: Varnam, Alan H.
Otros Autores: Sutherland, Jane P.
Formato: Libro
Publicado: Zaragoza : Acribia, 1998
Series:Alimentos básicos; No. 3
Materias:
Etiquetas: Agregar Etiqueta
Sin Etiquetas, Sea el primero en etiquetar este registro!
LEADER 01032nam a22002295a 4500
001 CEM.cems017731
005 20111114112439.0
008 130507s1998##################000#0#####d
003 CEMS
020 |a 84200008478 
082 0 4 |a 664.9 
100 1 |a Varnam, Alan H. 
245 1 0 |a Carne y productos cárnicos :  |b tecnología, química y micrboiología /  |c Alan H. Varnam y Jane P. Sutherland 
260 |a Zaragoza :  |b Acribia,  |c 1998 
300 |a 423 p. 
490 0 |a Alimentos básicos; No. 3 
505 0 |a Introducción -- Conversión del músculo en carne -- Productos cárnicos picados y re-formados crudos -- Carnes curadas -- Carne cocida y productos cárnicos cocidos -- Carnes curadas cocidas -- Embutidos fermentados -- Carne y productos cárnicos congelados -- Carnes desecadas, carnes de humedad intermedia y extractos cárnicos 
653 |a Carne 
653 |a Microbiología de los alimentos 
653 |a Productos cárnicos 
700 1 |a Sutherland, Jane P. 
859 |a CEMS  |b BIB. CEMS - Agricultura  |h 664.9  |i V431  |p A1479.11  |t Ej.1